DC Extended Universe (DCEU) Films - Statistics

General Stats
  • This quiz has been taken 522 times
    433 since last reset
  • The average score is 10 of 12
Answer Stats
Year Film % Correct
2016 Batman v Superman: Dawn of Justice
94%
2013 Man of Steel
94%
2017 Wonder Woman
94%
2017 Justice League
93%
2018 Aquaman
90%
2021 The Suicide Squad
84%
2016 Suicide Squad
83%
2019 Shazam!
80%
2020 Wonder Woman 1984
77%
2022 Black Adam
71%
2020 Birds of Prey
65%
2021 Zack Snyder's Justice League
51%
No matching quizzes found
Score Distribution
Percent of People with Each Score
Percentile by Number Answered
Your Score History
You have not taken this quiz since the last reset